00346 a2200109 450000500170000002000060001708200170002311100270004024500770006726000520014430000400019620250626083811.0 a- aLM 621.3 EAS aEAST AFRICAN COMMUNITY aAfrika ya Mashariki Yaanza Kutumia METRIC 1968: Utangulizi na Faida Zake aArusha,bEast African Literature Bureau,c1968. a22p.: ill.; figures, tables.c22cm.